Statystyki dla Eminem - Wszystkie Utwory

Kliknij tutaj aby rozwiązać quiz!

Ogólne statystyki

  • Ten quiz został rozwiązany 438 razy
  • Średni wynik to 9 z 31

Statystyki odpowiedzi

Rok wydaniaTytuł% Poprawnych
2002Lose Yourself
66%
2013Rap God
64%
2002Without Me
63%
2000The Real Slim Shady
62%
2010Not Afraid
56%
1999My Name Is
44%
2004Mockingbird
42%
2000Stan
41%
2013The Monster
39%
2010Love The Way You Lie
34%
2002'Till I Collapse
28%
2005When I'm Gone
28%
2017River
23%
2002Superman
23%
2009Beautiful
21%
2002Cleanin' Out My Closet
21%
2002Sing for the Moment
20%
2000The Way I Am
20%
2018Lucky You
18%
2013Berzerk
17%
2004Just Lose It
17%
2018Killshot
17%
2010Space Bound
16%
2010No Love
15%
2004Like Toy Soldiers
13%
2018Fall
12%
2004Ass Like That
11%
2000Kill You
8%
1999Guilty conscience
7%
2017Walk on Water
7%
2009Forever
3%

Rozkład punktacji

Percentyl według liczby udzielonych odpowiedzi

Procent ludzi z każdym wynikiem

Twoja historia wyników

Nie rozwiązałeś tego quizu